000
00274nam a2200097Ia 4500
008
201216s9999 xx 000 0 und d
100
_a
Cohen, Kalma J
245
0
_a
Theory of the Firm: Resource Allocation in a Market Economy
260
_a
New Delhi
_b
Prentice Hall
300
_a
524
999
_c
6049
_d
6049